[Event "35th WCh U20 Girls"]
[Site "Tarvisio ITA"]
[Date "2017.11.17"]
[Round "5"]
[White "Salonika, Saina"]
[Black "February, Jesse Nikki"]
[Result "1-0"]
[WhiteElo "2025"]
[BlackElo "1874"]
[EventDate "2017.11.13"]
[PlyCount "191"]

1.e4 e6 2.d4 d5 3.Nc3 Nf6 4.Bg5 dxe4 5.Nxe4 Be7 6.Bxf6 Bxf6 7.Nxf6+ Qxf6 
8.Nf3 O-O 9.Bd3 Nd7 10.Qe2 c5 11.c3 cxd4 12.Nxd4 Nc5 13.Bxh7+ Kxh7 14.Qh5+
Kg8 15.Qxc5 b6 16.Qh5 Ba6 17.Qf3 Qe5+ 18.Qe3 Qd5 19.f3 Rfe8 20.Nc2 Rad8 
21.Nb4 Qb7 22.Nxa6 Qxa6 23.Qe2 Qa5 24.O-O b5 25.Rfd1 b4 26.cxb4 Rxd1+ 27.
Rxd1 Qxa2 28.Qb5 Rc8 29.Rd2 Qb1+ 30.Kf2 Qc1 31.Qg5 Qc4 32.Rd8+ Rxd8 33.
Qxd8+ Kh7 34.Qd2 e5 35.Qe3 Qh4+ 36.Kg1 Qxb4 37.Qxe5 Qb6+ 38.Kf1 Qa6+ 39.
Kf2 Qb6+ 40.Kf1 Qa6+ 41.Kg1 Qb6+ 42.Kh1 Qf2 43.h3 f6 44.Qe4+ Kh8 45.b4 a6 
46.Qe8+ Kh7 47.Qh5+ Kg8 48.Qd5+ Kf8 49.Qd6+ Kf7 50.Kh2 Qe2 51.h4 Qc4 52.
Kg3 Kg6 53.Qf4 Qb5 54.Qg4+ Kh6 55.Kh3 Qf1 56.Qf4+ Kg6 57.Qe4+ Kh6 58.Qe3+ 
Kg6 59.Qe8+ Kh6 60.Qh8+ Kg6 61.h5+ Kf5 62.Qh7+ Ke6 63.Qg8+ Kd6 64.Qf8+ Ke6
65.Qe8+ Kd6 66.Kh2 Qf2 67.Qf8+ Ke6 68.Qc8+ Kf7 69.Qc4+ Kf8 70.Qf4 Qe2 71.
h6 Qb5 72.Qd6+ Kg8 73.Qe6+ Kh7 74.hxg7 Kxg7 75.Qe7+ Kg6 76.Qe4+ Kg7 77.Qd4
Kf7 78.g4 Qe2+ 79.Kg3 Qe1+ 80.Kg2 Qe2+ 81.Qf2 Qc4 82.Qd2 Kg6 83.Kg3 Qf1 
84.Qc2+ Kg7 85.Kf4 Qb5 86.Qc5 Qb8+ 87.Ke3 Qe8+ 88.Kf2 Qe6 89.g5 f5 90.f4 
Qa2+ 91.Kg3 Qb3+ 92.Kh4 Qe6 93.Qe5+ Qxe5 94.fxe5 Kg6 95.e6 Kg7 96.Kg3 1-0

[Event "35th WCh U20 Girls"]
[Site "Tarvisio ITA"]
[Date "2017.11.17"]
[Round "5"]
[White "Caxita, Esperanca"]
[Black "Sibajeva, Marija"]
[Result "0-1"]
[WhiteElo "1865"]
[BlackElo "2016"]
[EventDate "2017.11.13"]
[PlyCount "118"]

1.e4 d5 2.exd5 Qxd5 3.Nc3 Qa5 4.d4 Nf6 5.Bd3 Bg4 6.f3 Bh5 7.Ne2 e6 8.Bd2 
Bb4 9.a3 Bxc3 10.Bxc3 Qb6 11.Bb4 Na6 12.Bd2 Bg6 13.Bc4 Qc6 14.Bb3 O-O-O 
15.c4 Bd3 16.Bf4 Bxc4 17.Bxc4 Qxc4 18.Rc1 Qb5 19.Qc2 Nd5 20.Bg3 Qd7 21.Kf2
h5 22.h3 Kb8 23.b4 Ka8 24.Qc4 c6 25.Rc2 Ne7 26.a4 Qd5 27.Qc3 Nf5 28.Rd2 
Nxg3 29.Nxg3 Nb8 30.Rb1 Rc8 31.Re1 h4 32.Ne2 Nd7 33.Qb2 Nb6 34.Nc3 Qd6 35.
Ne4 Qe7 36.Qb3 Nd5 37.Nc5 Qg5 38.Ne4 Qf4 39.Ke2 Nf6 40.Nc5 Qg5 41.Kd1 Qd5 
42.Qb2 Nd7 43.Re3 Rhd8 44.Ne4 Nb6 45.Nc3 Nc4 46.Nxd5 Nxb2+ 47.Rxb2 Rxd5 
48.Rd2 Rcd8 49.Re4 g5 50.Kc2 a5 51.bxa5 Rxa5 52.Kb3 Rad5 53.Kc4 e5 54.Rd3 
Rxd4+ 55.Rdxd4 Rxd4+ 56.Rxd4 exd4 57.Kxd4 Kb8 58.Kc5 Ka7 59.Kd4 b5 0-1

[Event "35th WCh U20 Girls"]
[Site "Tarvisio ITA"]
[Date "2017.11.17"]
[Round "5"]
[White "Srdanovic, Jovana"]
[Black "Greibrokk, Ingrid"]
[Result "1-0"]
[WhiteElo "2015"]
[BlackElo "1868"]
[EventDate "2017.11.13"]
[PlyCount "87"]

1.d4 d5 2.Bf4 Nf6 3.e3 e6 4.Nd2 Bd6 5.Bg3 b6 6.Bd3 Bb7 7.c3 Nbd7 8.Ngf3 
Bxg3 9.hxg3 Qe7 10.Qc2 h6 11.O-O O-O 12.Rfe1 Rac8 13.Rac1 Rfd8 14.e4 dxe4 
15.Nxe4 Nxe4 16.Bxe4 Bxe4 17.Rxe4 Nf6 18.Re2 c5 19.dxc5 Rxc5 20.Rce1 Qc7 
21.Qb3 Nd5 22.Re4 b5 23.Nd4 Rb8 24.Nf3 a5 25.a3 b4 26.axb4 axb4 27.c4 Nf6 
28.Rh4 e5 29.Nd2 Qd6 30.Nf1 e4 31.Rd1 Qe6 32.Ne3 Qa6 33.Rf4 Kh8 34.Rf5 
Rxf5 35.Nxf5 g6 36.Nd6 Kg7 37.c5 Qa7 38.Qc4 Qe7 39.c6 Ne8 40.Nxe4 Rc8 41.
Rd7 Qf8 42.Qd4+ Kg8 43.Nf6+ Nxf6 44.Qxf6 1-0

[Event "35th WCh U20 Girls"]
[Site "Tarvisio ITA"]
[Date "2017.11.17"]
[Round "5"]
[White "Louka, Magdalini"]
[Black "Vanduyfhuys, Daria"]
[Result "0-1"]
[WhiteElo "1955"]
[BlackElo "1755"]
[EventDate "2017.11.13"]
[PlyCount "78"]

1.e4 c5 2.Nf3 Nc6 3.d4 cxd4 4.Nxd4 e5 5.Nb5 d6 6.c4 Be7 7.N1c3 a6 8.Na3 
Nf6 9.Nc2 Be6 10.Bd3 O-O 11.O-O Rc8 12.b3 Nd7 13.Bb2 Bg5 14.Ba3 Nc5 15.Qe2
Qf6 16.Rad1 Rfd8 17.Nd5 Bxd5 18.cxd5 Ne7 19.b4 Na4 20.Ra1 b5 21.Bc1 Rc7 
22.Bxg5 Qxg5 23.g3 Nc3 24.Qe3 h6 25.Qb6 Rdc8 26.Qe3 f5 27.Qxg5 hxg5 28.f3 
g4 29.Ne3 gxf3 30.Nxf5 Nxf5 31.exf5 e4 32.Bxe4 Nxe4 33.Rxf3 Rc3 34.Rf4 Nf6
35.Rd1 Rc2 36.a3 Re8 37.Rf2 Rc3 38.Ra2 Re5 39.Kg2 Nxd5 0-1

[Event "35th WCh U20 Girls"]
[Site "Tarvisio ITA"]
[Date "2017.11.17"]
[Round "5"]
[White "Bilguun, Bayaraa"]
[Black "Cui, Cynthia"]
[Result "0-1"]
[WhiteElo "1147"]
[BlackElo "1553"]
[EventDate "2017.11.13"]
[PlyCount "102"]

1.d4 c6 2.c4 d5 3.e3 Nf6 4.Nc3 dxc4 5.Bxc4 b5 6.Bd3 e6 7.Nf3 Nbd7 8.O-O 
Bd6 9.Qc2 Bb7 10.Be4 Nxe4 11.Nxe4 Be7 12.Nfd2 Qc7 13.Nc5 Nxc5 14.dxc5 Qe5 
15.Nb3 a5 16.f4 Qh5 17.Rf3 Qd5 18.e4 Qd7 19.Be3 Ba6 20.Rd1 Qc7 21.f5 exf5 
22.Rxf5 Bc8 23.Rf2 Bh4 24.Bf4 Bxf2+ 25.Qxf2 Qa7 26.Bd6 Bg4 27.Rc1 O-O-O 
28.Qg3 Be6 29.Nd4 Qd7 30.Qd3 Kb7 31.Rf1 f6 32.Nf3 Ka8 33.e5 Bd5 34.exf6 
gxf6 35.h3 Rhg8 36.Kh1 Qg7 37.Rf2 Rde8 38.Kh2 Qh6 39.Qf5 Qg7 40.Nh4 Re4 
41.Bf4 Re1 42.Bd6 Re3 43.Qf4 Re4 44.Qxf6 Qxf6 45.Rxf6 Rxh4 46.g3 Re4 47.
Rf2 Rge8 48.Rf6 Re2+ 49.Kg1 Re1+ 50.Rf1 Bc4 51.Rxe1 Rxe1+ 0-1

[Event "35th WCh U20 Girls"]
[Site "Tarvisio ITA"]
[Date "2017.11.17"]
[Round "5"]
[White "Magpily, Francois Marie"]
[Black "Ganzova, Veronika"]
[Result "1-0"]
[WhiteElo "1836"]
[BlackElo "1633"]
[EventDate "2017.11.13"]
[PlyCount "77"]

1.e4 e5 2.Nf3 Nc6 3.d4 exd4 4.Bc4 Nf6 5.O-O Nxe4 6.Re1 d5 7.Bxd5 Qxd5 8.
Nc3 Qd7 9.Nxe4 Be7 10.Bg5 O-O 11.Bxe7 Qxe7 12.Nxd4 Bd7 13.Nb5 Rad8 14.Qh5 
Ne5 15.Nec3 f6 16.Nd5 Qc5 17.Nbxc7 Bg4 18.Qh4 Rxd5 19.Nxd5 Qxd5 20.Rxe5 
Qxe5 21.Qxg4 Qxb2 22.Qc4+ Kh8 23.Re1 Qb6 24.h3 Qd8 25.Qb4 b6 26.Re7 a5 27.
Qe4 Qc8 28.h4 Rd8 29.h5 h6 30.Qg6 Rg8 31.Qe4 Rd8 32.Qe2 Rf8 33.c4 Qc6 34.
Qd3 Qc8 35.Qd4 Qd8 36.Rd7 Qb8 37.Rd6 b5 38.Rb6 Qe8 39.Rxb5 1-0

[Event "35th WCh U20 Girls"]
[Site "Tarvisio ITA"]
[Date "2017.11.17"]
[Round "5"]
[White "Zairbek Kyzy, Begimay"]
[Black "Braganza, Nadia"]
[Result "1-0"]
[WhiteElo "1599"]
[BlackElo "1536"]
[EventDate "2017.11.13"]
[PlyCount "81"]

1.e4 c5 2.d4 cxd4 3.c3 Nf6 4.e5 Nd5 5.Bc4 Nb6 6.Bb3 d6 7.Nf3 Nc6 8.Bxf7+ 
Kxf7 9.Ng5+ Ke8 10.e6 Bxe6 11.Nxe6 Qd7 12.Ng5 Qf5 13.O-O h6 14.Nf3 Kd7 15.
cxd4 g5 16.Be3 Bg7 17.Nc3 g4 18.Nh4 Qh5 19.g3 Bf6 20.Ng2 Qg6 21.Nf4 Qg7 
22.Nh5 Qg6 23.Nxf6+ exf6 24.Rc1 h5 25.Bf4 h4 26.Re1 Qf5 27.Ne4 Nc8 28.Qb3 
Rb8 29.Qf7+ Kd8 30.Nc5 N8e7 31.Bxd6 Qh7 32.Bxe7+ Kc8 33.Qe6+ Kc7 34.Bd6+ 
Kb6 35.Nd7+ Ka6 36.Nxb8+ Nxb8 37.Rc7 Qd3 38.Bf8+ Nc6 39.Rxc6+ bxc6 40.
Qxc6+ Ka5 41.b4# 1-0

[Event "35th WCh U20 Girls"]
[Site "Tarvisio ITA"]
[Date "2017.11.19"]
[Round "6"]
[White "Abdumalik, Zhansaya"]
[Black "Assaubaeva, Bibisara"]
[Result "1-0"]
[WhiteElo "2428"]
[BlackElo "2395"]
[EventDate "2017.11.13"]
[PlyCount "117"]

1.e4 c5 2.Nf3 d6 3.d4 cxd4 4.Nxd4 Nf6 5.Nc3 a6 6.h3 e6 7.g4 Nfd7 8.Bg2 Be7
9.Be3 Nc6 10.h4 O-O 11.g5 Nde5 12.Qe2 Nxd4 13.Bxd4 Nc6 14.Be3 Bd7 15.f4 
Rc8 16.O-O-O Na5 17.Kb1 Nc4 18.Bc1 Qa5 19.Rh3 b5 20.Qf2 b4 21.Ne2 Rc7 22.
Nd4 Qb6 23.Rf3 Rfc8 24.b3 Na5 25.Nf5 Qxf2 26.Nxe7+ Kf8 27.Rxf2 Kxe7 28.Bb2
f6 29.Bf1 Bc6 30.Bxa6 Ra8 31.Bd3 Nb7 32.gxf6+ gxf6 33.Rg1 Rf8 34.Bd4 Nc5 
35.Bxc5 dxc5 36.h5 h6 37.Rg6 Rh8 38.e5 fxe5 39.fxe5 Be8 40.Rgf6 Bxh5 41.
Rh2 Bg4 42.Rhxh6 Rxh6 43.Rxh6 Rd7 44.Rh7+ Kd8 45.Rxd7+ Kxd7 46.a4 bxa3 47.
Ka2 Kc7 48.Bc4 Bf5 49.c3 Kb6 50.Kxa3 Ka5 51.Kb2 Kb6 52.Kc1 Kc7 53.Kd2 Kd7 
54.Ke3 Bb1 55.Bd3 Ba2 56.Bc2 Kc6 57.c4 Kb6 58.Kd3 Ka5 59.Kc3 1-0

[Event "35th WCh U20 Girls"]
[Site "Tarvisio ITA"]
[Date "2017.11.19"]
[Round "6"]
[White "Zhu Jiner"]
[Black "Yu, Jennifer"]
[Result "0-1"]
[WhiteElo "2363"]
[BlackElo "2321"]
[EventDate "2017.11.13"]
[PlyCount "62"]

1.e4 g6 2.d4 Bg7 3.Nc3 d5 4.e5 f6 5.exf6 Nxf6 6.Bf4 O-O 7.f3 c5 8.dxc5 Nc6
9.Qd2 Qa5 10.Nb5 Qxd2+ 11.Bxd2 Bf5 12.c3 Rac8 13.Nd4 Nd7 14.Nxf5 gxf5 15.
Be3 e5 16.Rd1 d4 17.Bc4+ Kh8 18.Be6 Nxc5 19.Bxc8 Rxc8 20.Bf2 e4 21.Bxd4 
Nxd4 22.cxd4 Nd3+ 23.Kf1 Bxd4 24.Ne2 Bb6 25.Rd2 Be3 26.Rxd3 exd3 27.Nc3 
Bc1 28.Kf2 Bxb2 29.Nb1 Bd4+ 30.Kg3 Be3 31.f4 d2 0-1

[Event "35th WCh U20 Girls"]
[Site "Tarvisio ITA"]
[Date "2017.11.19"]
[Round "6"]
[White "Nomin-Erdene, Davaademberel"]
[Black "Aakanksha, Hagawane"]
[Result "1/2-1/2"]
[WhiteElo "2358"]
[BlackElo "2312"]
[EventDate "2017.11.13"]
[PlyCount "163"]

1.e4 e5 2.Nf3 Nc6 3.Bb5 a6 4.Ba4 Nf6 5.O-O Nxe4 6.d4 b5 7.Bb3 d5 8.dxe5 
Be6 9.c3 Be7 10.Nbd2 O-O 11.Nd4 Nxd4 12.cxd4 Nxd2 13.Bxd2 c5 14.dxc5 Bxc5 
15.Bc2 Rc8 16.Bf4 Qh4 17.Bg3 Qd4 18.b3 Bb6 19.Qd3 g6 20.Rad1 Qb2 21.Bb1 
Rc3 22.Qd2 Qxd2 23.Rxd2 Rfc8 24.Kh1 h5 25.h3 a5 26.Bd3 Bd7 27.Kh2 a4 28.
bxa4 bxa4 29.Ba6 R8c5 30.Rb1 Bc7 31.f4 Rc2 32.Rb2 Rxd2 33.Rxd2 Ba5 34.Rb2 
a3 35.Rb8+ Kg7 36.Bh4 Rc6 37.Bf6+ Rxf6 38.exf6+ Kxf6 39.Rb3 Bd2 40.Rxa3 
Bxf4+ 41.Kg1 Bd6 42.Rb3 Ba4 43.Rb6 Ke5 44.Kf1 Bc2 45.Bb5 d4 46.Ke2 Be4 47.
Bc6 d3+ 48.Kd1 Bf5 49.a4 Kd4 50.a5 Bc7 51.Rb5 Bc8 52.Bb7 Bxb7 53.Rxb7 Bxa5
54.Rxf7 Ke3 55.Rf3+ Ke4 56.Rg3 Bc7 57.Rxg6 Bf4 58.Rg8 Ke3 59.g3 Bd6 60.g4 
hxg4 61.hxg4 Kf4 62.g5 Be7 63.g6 Bf6 64.Kd2 Kf5 65.Kxd3 Bg5 66.Kd4 Bh6 67.
Kd5 Kf6 68.Kd6 Bg7 69.Kd7 Kxg6 70.Ke6 Kh6 71.Kf5 Bb2 72.Rg6+ Kh7 73.Rd6 
Bc3 74.Kg5 Kg7 75.Rd7+ Kf8 76.Kf5 Bb2 77.Ke6 Bc3 78.Rf7+ Kg8 79.Rf3 Bb2 
80.Ke7 Kg7 81.Rg3+ Kh6 82.Rh3+ 1/2-1/2

[Event "35th WCh U20 Girls"]
[Site "Tarvisio ITA"]
[Date "2017.11.19"]
[Round "6"]
[White "Khomeriki, Nino"]
[Black "Obolentseva, Alexandra"]
[Result "1-0"]
[WhiteElo "2347"]
[BlackElo "2320"]
[EventDate "2017.11.13"]
[PlyCount "77"]

1.d4 Nf6 2.c4 g6 3.Nc3 Bg7 4.Nf3 O-O 5.g3 d6 6.Bg2 Nc6 7.O-O e5 8.d5 Nb8 
9.c5 Na6 10.cxd6 cxd6 11.e4 Nc5 12.Ne1 a5 13.Nd3 Nfd7 14.Be3 b6 15.Re1 f5 
16.f3 fxe4 17.fxe4 Nf6 18.Nf2 Bd7 19.Rc1 b5 20.b3 b4 21.Nb1 a4 22.Nd2 h5 
23.Nc4 Ng4 24.Nxg4 Bxg4 25.Qc2 axb3 26.axb3 Na6 27.Ra1 Nc7 28.Rxa8 Nxa8 
29.Qd2 Qb8 30.Ra1 Bd7 31.Ba7 Qd8 32.Qxb4 h4 33.Qxd6 hxg3 34.hxg3 Qe8 35.
Be3 Rf6 36.Qc5 g5 37.Qa7 Rf8 38.Bc5 Bc8 39.Qxa8 1-0

[Event "35th WCh U20 Girls"]
[Site "Tarvisio ITA"]
[Date "2017.11.19"]
[Round "6"]
[White "Osmak, Yulia"]
[Black "Dordzhieva, Dinara"]
[Result "1-0"]
[WhiteElo "2345"]
[BlackElo "2295"]
[EventDate "2017.11.13"]
[PlyCount "81"]

1.e4 c5 2.Nc3 Nc6 3.f4 g6 4.Nf3 Bg7 5.Bb5 Nd4 6.O-O Nxb5 7.Nxb5 d5 8.e5 
Bg4 9.d4 a6 10.Nc3 cxd4 11.Ne2 e6 12.Nexd4 Ne7 13.c3 O-O 14.Be3 Nc6 15.
Nxc6 bxc6 16.Bc5 Re8 17.Qa4 Bxf3 18.Rxf3 Qd7 19.Rd1 Qb7 20.b3 Qb5 21.Qd4 
Bf8 22.Bxf8 Rxf8 23.c4 dxc4 24.Qxc4 Rfd8 25.Rc1 Qxc4 26.Rxc4 Rd1+ 27.Rf1 
Rd2 28.Ra4 Rad8 29.g3 Rc2 30.Rf2 Rdd2 31.Rxd2 Rxd2 32.Rxa6 Rb2 33.h4 h6 
34.Kf1 Kg7 35.Ke1 g5 36.h5 gxf4 37.gxf4 c5 38.Ra5 Kf8 39.Kd1 Rf2 40.a4 c4 
41.b4 1-0

[Event "35th WCh U20 Girls"]
[Site "Tarvisio ITA"]
[Date "2017.11.19"]
[Round "6"]
[White "Paramzina, Anastasia"]
[Black "Shuvalova, Polina"]
[Result "1-0"]
[WhiteElo "2123"]
[BlackElo "2386"]
[EventDate "2017.11.13"]
[PlyCount "105"]

1.e4 e5 2.Nf3 Nc6 3.Bc4 Nf6 4.d3 Be7 5.O-O O-O 6.Re1 d6 7.a4 Na5 8.Ba2 c5 
9.Nbd2 a6 10.c3 Nc6 11.Nf1 h6 12.Ng3 Be6 13.h3 Bxa2 14.Rxa2 d5 15.Nf5 dxe4
16.dxe4 Qxd1 17.Rxd1 Rfd8 18.Nxe7+ Nxe7 19.Re1 Nc6 20.a5 Rab8 21.Nd2 Kf8 
22.Nb3 c4 23.Nd2 Rbc8 24.f3 Ne8 25.Nxc4 Nb4 26.Ra4 Rxc4 27.Rxb4 Rxb4 28.
cxb4 Nc7 29.Be3 Ne6 30.Rc1 Ke7 31.Kf2 h5 32.g3 Rd3 33.Rc3 Rd1 34.f4 Rb1 
35.Rc2 exf4 36.gxf4 Kd7 37.f5 Nd8 38.Rd2+ Ke8 39.Bd4 f6 40.e5 Nc6 41.exf6 
gxf6 42.Bxf6 Rh1 43.Kg3 Rf1 44.Rd5 Nxb4 45.Re5+ Kf7 46.Bg5 Nc6 47.Rd5 Ra1 
48.b4 Nxb4 49.Rd7+ Ke8 50.Re7+ Kf8 51.f6 Rf1 52.Bh6+ Kg8 53.Rg7+ 1-0

[Event "35th WCh U20 Girls"]
[Site "Tarvisio ITA"]
[Date "2017.11.19"]
[Round "6"]
[White "Nurgali, Nazerke"]
[Black "Tsolakidou, Stavroula"]
[Result "0-1"]
[WhiteElo "2121"]
[BlackElo "2340"]
[EventDate "2017.11.13"]
[PlyCount "100"]

1.d4 Nf6 2.Nf3 e6 3.c4 Bb4+ 4.Bd2 a5 5.g3 d6 6.Bg2 Nbd7 7.O-O e5 8.Nc3 O-O
9.Qc2 Re8 10.Rad1 Bxc3 11.Bxc3 e4 12.Ne1 d5 13.cxd5 Nb6 14.Bd2 Nbxd5 15.
Qc1 Bg4 16.f3 exf3 17.exf3 Bd7 18.Nc2 Ra6 19.Bc3 Ba4 20.Bd2 Rc6 21.b3 Bb5 
22.Rf2 Be2 23.Re1 Bd3 24.Rxe8+ Qxe8 25.Bg5 Nb4 26.Bxf6 gxf6 27.Bf1 Bxf1 
28.Kxf1 Nd3 29.Qd2 Nxf2 30.Kxf2 Qe7 31.Qd3 a4 32.bxa4 Rb6 33.a5 Rb2 34.Qc3
Rxa2 35.Qb3 Rxa5 36.Qxb7 Qd7 37.Qb4 Ra2 38.Qc4 Rb2 39.Qc3 Qb5 40.Ke1 Rb1+ 
41.Kd2 Qf1 42.Qe3 Qd1+ 43.Kc3 Rb6 44.Qe4 Re6 45.Qf5 Rc6+ 46.Kb2 Qd2 47.
Qc8+ Kg7 48.Qg4+ Kf8 49.Qf5 Rb6+ 50.Ka2 Qc3 0-1

[Event "35th WCh U20 Girls"]
[Site "Tarvisio ITA"]
[Date "2017.11.19"]
[Round "6"]
[White "Vaishali, Ramesh Babu"]
[Black "Stiazhkina, Anna"]
[Result "1-0"]
[WhiteElo "2325"]
[BlackElo "2301"]
[EventDate "2017.11.13"]
[PlyCount "131"]

1.e4 e5 2.Nf3 Nc6 3.Bb5 a6 4.Ba4 Nf6 5.O-O Nxe4 6.d4 b5 7.Bb3 d5 8.dxe5 
Be6 9.Nbd2 Be7 10.c3 Nc5 11.Bc2 d4 12.Ne4 d3 13.Nxc5 dxc2 14.Qxd8+ Rxd8 
15.Nxe6 fxe6 16.Be3 Rd5 17.Rac1 Nxe5 18.Nxe5 Rxe5 19.Rxc2 O-O 20.c4 b4 21.
Rd1 Rd8 22.Rxd8+ Bxd8 23.g3 Bf6 24.Kg2 Kf7 25.b3 a5 26.Bf4 Rc5 27.Be3 Re5 
28.Rd2 Ke8 29.Rd3 a4 30.Bf4 Rc5 31.Bd2 axb3 32.axb3 Rf5 33.Bxb4 c5 34.Bd2 
Bd4 35.f4 e5 36.g4 Rf7 37.fxe5 Rf2+ 38.Kg3 Re2 39.Bf4 Ke7 40.Rd2 Rxd2 41.
Bxd2 Bxe5+ 42.Bf4 Bf6 43.Kf3 Ke6 44.Ke4 Be7 45.Be5 g6 46.Bc3 Bd6 47.h3 h5 
48.Kd3 hxg4 49.hxg4 Kd7 50.Kc2 Kc6 51.Kb2 Be7 52.Be5 Bf8 53.Ka3 Be7 54.Ka4
Bf8 55.Ka5 Be7 56.Ka6 Bd8 57.Ka7 Ba5 58.Kb8 Bb6 59.Kc8 Ba5 60.Bb2 Bc7 61.
Bf6 Ba5 62.Be7 Bb6 63.Bd8 Ba7 64.Bc7 g5 65.Bd8 Kd6 66.Kb7 1-0

[Event "35th WCh U20 Girls"]
[Site "Tarvisio ITA"]
[Date "2017.11.19"]
[Round "6"]
[White "Tokhiryonova, Gulrukhbegim"]
[Black "Nie Xin"]
[Result "1/2-1/2"]
[WhiteElo "2306"]
[BlackElo "2106"]
[EventDate "2017.11.13"]
[PlyCount "92"]

1.e4 e5 2.Nf3 Nc6 3.Bb5 a6 4.Ba4 Nf6 5.O-O Be7 6.d3 b5 7.Bb3 d6 8.a4 Bd7 
9.Bd2 b4 10.a5 O-O 11.c3 Rb8 12.Bc4 Qc8 13.h3 Be6 14.Re1 Bxc4 15.dxc4 bxc3
16.Bxc3 Nb4 17.c5 Qb7 18.Qe2 Qb5 19.Qxb5 Rxb5 20.Na3 Rb7 21.Rad1 Na2 22.
Nc4 Nxc3 23.bxc3 Rd8 24.Nfd2 Rb5 25.cxd6 cxd6 26.Rb1 Rdb8 27.f3 Nd7 28.
Rxb5 Rxb5 29.Nf1 d5 30.exd5 Rxd5 31.Kf2 Nc5 32.Rb1 Nd3+ 33.Kg1 g6 34.Kh2 
Rc5 35.Nb6 Rxa5 36.c4 Ra2 37.Nd5 Bc5 38.Ng3 Rb2 39.Rd1 Nf2 40.Ra1 Rc2 41.
Rxa6 Rxc4 42.Nf6+ Kg7 43.Ne8+ Kf8 44.Nf6 Kg7 45.Ne8+ Kf8 46.Nf6 Kg7 
1/2-1/2

[Event "35th WCh U20 Girls"]
[Site "Tarvisio ITA"]
[Date "2017.11.19"]
[Round "6"]
[White "Khademalsharieh, Sarasadat"]
[Black "Yuan Ye"]
[Result "1-0"]
[WhiteElo "2419"]
[BlackElo "2196"]
[EventDate "2017.11.13"]
[PlyCount "67"]

1.d4 d5 2.c4 e6 3.Nf3 c6 4.Qc2 dxc4 5.Qxc4 Nf6 6.g3 b5 7.Qc2 Bb7 8.Bg2 
Nbd7 9.Ne5 Rc8 10.Nc3 b4 11.Na4 Nxe5 12.dxe5 Nd5 13.e4 Nb6 14.Nc5 Bxc5 15.
Qxc5 Qd3 16.Bg5 Qd7 17.O-O h6 18.Be3 Qe7 19.Qxe7+ Kxe7 20.Bc5+ Ke8 21.Bxb4
c5 22.Ba5 Nc4 23.Bc3 Ke7 24.Rac1 Rhd8 25.Rfe1 Nb6 26.Bf1 g5 27.f3 Rc7 28.
Rc2 Rcc8 29.Kf2 Rc7 30.b3 a6 31.Bb2 h5 32.Ke3 Ke8 33.Be2 Ke7 34.Ba3 1-0

[Event "35th WCh U20 Girls"]
[Site "Tarvisio ITA"]
[Date "2017.11.19"]
[Round "6"]
[White "Nguyen, Emily"]
[Black "Mammadzada, Gunay"]
[Result "0-1"]
[WhiteElo "2176"]
[BlackElo "2393"]
[EventDate "2017.11.13"]
[PlyCount "68"]

1.d4 Nf6 2.Nf3 e6 3.c4 Bb4+ 4.Bd2 a5 5.a3 Bxd2+ 6.Qxd2 b6 7.Nc3 Bb7 8.g3 
O-O 9.Bg2 d6 10.O-O Nbd7 11.d5 Nc5 12.Rab1 e5 13.b4 axb4 14.axb4 Na4 15.
Nb5 Qd7 16.Ng5 h6 17.Bh3 Qe7 18.Nf3 Ne4 19.Qc2 c6 20.Qxe4 cxb5 21.Rfc1 Bc8
22.Bf1 f5 23.Qc2 f4 24.Nh4 Qf6 25.cxb5 g5 26.Qg6+ Qxg6 27.Nxg6 Rf7 28.Ra1 
Bf5 29.Nxe5 dxe5 30.Bg2 Raa7 31.d6 Nc3 32.Kf1 Rxa1 33.Rxa1 Rd7 34.Bc6 Rxd6
0-1

[Event "35th WCh U20 Girls"]
[Site "Tarvisio ITA"]
[Date "2017.11.19"]
[Round "6"]
[White "Badelka, Olga"]
[Black "Arda, Cagil Irmak"]
[Result "1-0"]
[WhiteElo "2374"]
[BlackElo "2139"]
[EventDate "2017.11.13"]
[PlyCount "75"]

1.d4 Nf6 2.c4 e6 3.Nc3 Bb4 4.Qc2 O-O 5.a3 Bxc3+ 6.Qxc3 b6 7.Bg5 Ba6 8.e3 
d6 9.Bd3 Nbd7 10.Ne2 h6 11.Bh4 c5 12.O-O cxd4 13.Nxd4 Rc8 14.b3 d5 15.Rac1
dxc4 16.bxc4 Ne5 17.f4 Nxd3 18.Qxd3 Qd5 19.Bxf6 gxf6 20.cxd5 Bxd3 21.Rxc8 
Rxc8 22.Rd1 Bc4 23.Nc6 Rc7 24.d6 Rd7 25.Nxa7 Bd5 26.Nc8 Kf8 27.a4 Ke8 28.
Nxb6 Rxd6 29.a5 f5 30.g4 Rc6 31.Nxd5 exd5 32.gxf5 Rc5 33.Ra1 Ke7 34.a6 Rc8
35.a7 Ra8 36.Ra6 Kd7 37.Kf2 Kc7 38.Rf6 1-0

[Event "35th WCh U20 Girls"]
[Site "Tarvisio ITA"]
[Date "2017.11.19"]
[Round "6"]
[White "Terbe, Zsuzsanna"]
[Black "Heinemann, Josefine"]
[Result "0-1"]
[WhiteElo "2170"]
[BlackElo "2293"]
[EventDate "2017.11.13"]
[PlyCount "84"]

1.Nf3 c5 2.c3 Nf6 3.d4 b6 4.Bf4 Bb7 5.e3 g6 6.Bd3 Bg7 7.O-O O-O 8.Nbd2 d6 
9.h3 Nbd7 10.Bh2 d5 11.a4 a6 12.Qe2 Ne4 13.Rfd1 Re8 14.dxc5 Nexc5 15.Bc2 
e5 16.e4 dxe4 17.Nxe4 Nxe4 18.Bxe4 Bxe4 19.Qxe4 Qc7 20.Qd5 Rad8 21.Qd6 
Qxd6 22.Rxd6 Kf8 23.Rad1 Ke7 24.Ng5 Nc5 25.Rxd8 Rxd8 26.Rxd8 Kxd8 27.Nxf7+
Ke7 28.Nxe5 Ke6 29.Nc4 Nxa4 30.b3 b5 31.bxa4 bxc4 32.Kf1 Bxc3 33.Ke2 Kd5 
34.Kd1 Bd4 35.f3 Kc5 36.Kc2 Kb4 37.Bd6+ Kxa4 38.f4 Kb5 39.g4 Kc6 40.Bf8 
Kd5 41.f5 gxf5 42.gxf5 Bf6 0-1

[Event "35th WCh U20 Girls"]
[Site "Tarvisio ITA"]
[Date "2017.11.19"]
[Round "6"]
[White "Terbe, Julianna"]
[Black "Gomez Barrera, Javiera Belen"]
[Result "1-0"]
[WhiteElo "2263"]
[BlackElo "1972"]
[EventDate "2017.11.13"]
[PlyCount "73"]

1.Nf3 Nf6 2.g3 g6 3.Bg2 Bg7 4.d4 O-O 5.c4 d6 6.Nc3 Nc6 7.O-O e5 8.dxe5 
dxe5 9.Bg5 Be6 10.Nd2 h6 11.Bxf6 Bxf6 12.Nde4 Be7 13.Qc1 Bxc4 14.Rd1 Qe8 
15.Qxh6 Nd4 16.g4 f5 17.Nd2 Be6 18.e3 Nc6 19.Nd5 Bd8 20.Nb3 Ne7 21.Nc5 
Bxd5 22.Bxd5+ Nxd5 23.Rxd5 Qf7 24.Nd7 Re8 25.Rad1 Qg7 26.Qxg7+ Kxg7 27.
gxf5 gxf5 28.Nxe5 Bf6 29.Rd7+ Kg8 30.Nf7 Rac8 31.Nh6+ Kh8 32.b3 f4 33.exf4
Rf8 34.R1d3 Bg7 35.Nf7+ Kg8 36.Nd8 Rxf4 37.Rg3 1-0

[Event "35th WCh U20 Girls"]
[Site "Tarvisio ITA"]
[Date "2017.11.19"]
[Round "6"]
[White "Vidic, Teja"]
[Black "Antova, Gabriela"]
[Result "0-1"]
[WhiteElo "2159"]
[BlackElo "2257"]
[EventDate "2017.11.13"]
[PlyCount "120"]

1.e4 c5 2.Nf3 d6 3.Nc3 Nf6 4.e5 dxe5 5.Nxe5 a6 6.g3 Qc7 7.d4 cxd4 8.Qxd4 
Nc6 9.Nxc6 Qxc6 10.Bg5 h6 11.O-O-O Be6 12.Bxf6 exf6 13.Bd3 Bc5 14.Be4 Qc8 
15.Qa4+ Kf8 16.Bd5 b5 17.Qf4 Ra7 18.Ne4 Be7 19.Bxe6 fxe6 20.Nd6 Qc5 21.Rd3
Qg5 22.Rc3 Qxf4+ 23.gxf4 Rd7 24.Rc8+ Rd8 25.Rd1 Rxc8 26.Nxc8 Kf7 27.Nxe7 
Kxe7 28.c3 Rc8 29.Rd4 Rc5 30.a4 Rh5 31.axb5 axb5 32.Rb4 Kd6 33.Kd2 Kc5 34.
Ke3 Rh3+ 35.Ke2 Rxh2 36.Re4 Kd6 37.Rd4+ Ke7 38.Rd1 Rh5 39.Ra1 Rf5 40.Ra7+ 
Kf8 41.Ke3 e5 42.fxe5 Rxe5+ 43.Kf3 Rc5 44.Rb7 Kg8 45.Kg4 Kh7 46.f4 h5+ 47.
Kh4 Kh6 48.Rb6 Rd5 49.b4 Kg6 50.Rc6 Rd3 51.Rc5 Rf3 52.Rxb5 Rxf4+ 53.Kg3 
Rc4 54.Rb8 Rxc3+ 55.Kf4 h4 56.b5 h3 57.b6 Rb3 58.b7 h2 59.Rh8 Rxb7 60.Rxh2
Rb4+ 0-1

[Event "35th WCh U20 Girls"]
[Site "Tarvisio ITA"]
[Date "2017.11.19"]
[Round "6"]
[White "Serikbay, Assel"]
[Black "Cherniak, Viktoria"]
[Result "1/2-1/2"]
[WhiteElo "2135"]
[BlackElo "2236"]
[EventDate "2017.11.13"]
[PlyCount "72"]

1.d4 d5 2.Nf3 Nf6 3.c4 dxc4 4.g3 Nc6 5.Qa4 Nd5 6.Qxc4 Nb6 7.Qd3 e5 8.dxe5 
Be6 9.Nc3 Be7 10.Qb1 Qd7 11.Bg2 Bf5 12.e4 Bh3 13.O-O O-O-O 14.a3 h5 15.b4 
h4 16.Bxh3 Qxh3 17.Qc2 Qg4 18.Qe2 Rh5 19.Bf4 g5 20.Be3 Qh3 21.Bxb6 axb6 
22.Nd5 hxg3 23.fxg3 Kb8 24.Rac1 Rd7 25.Rfd1 Qg4 26.Qe3 Rh8 27.Nxe7 Rxe7 
28.Nxg5 Nxe5 29.Rf1 Rg8 30.Nf3 Ng6 31.Qg5 Rxe4 32.Qxg4 Rxg4 33.Kf2 Rh8 34.
Rfd1 c6 35.Rd7 f6 36.h4 Rg8 1/2-1/2

[Event "35th WCh U20 Girls"]
[Site "Tarvisio ITA"]
[Date "2017.11.19"]
[Round "6"]
[White "Uuriintuya, Uurtsaikh"]
[Black "Koo Wei Xin, Rosamund"]
[Result "1-0"]
[WhiteElo "2213"]
[BlackElo "1900"]
[EventDate "2017.11.13"]
[PlyCount "65"]

1.e4 c5 2.Nf3 Nc6 3.d4 cxd4 4.Nxd4 g6 5.Nc3 Bg7 6.Be3 Nf6 7.Bc4 O-O 8.Bb3 
a5 9.a4 Ng4 10.Qxg4 Nxd4 11.Bxd4 Bxd4 12.Qg3 d6 13.O-O Be6 14.Rad1 Be5 15.
Qe3 Bxb3 16.cxb3 Rc8 17.Rd3 Rc5 18.Kh1 Qc8 19.f4 Bg7 20.Nd5 Qe6 21.Nb6 Bh6
22.Nd7 Rc2 23.Nxf8 Kxf8 24.Rd2 Rxd2 25.Qxd2 Qxe4 26.Qxa5 Bxf4 27.Re1 Qc6 
28.Qd8+ Qe8 29.Qc7 Be5 30.Qxb7 Bxb2 31.a5 Bc3 32.a6 Bxe1 33.a7 1-0

[Event "35th WCh U20 Girls"]
[Site "Tarvisio ITA"]
[Date "2017.11.19"]
[Round "6"]
[White "Ghukasian, Siranush"]
[Black "Kanakova, Natalie"]
[Result "1/2-1/2"]
[WhiteElo "2207"]
[BlackElo "2134"]
[EventDate "2017.11.13"]
[PlyCount "109"]

1.e4 e6 2.d4 d5 3.Nd2 c5 4.exd5 Qxd5 5.Ngf3 cxd4 6.Bc4 Qd7 7.O-O a6 8.a4 
Nc6 9.Nb3 Nf6 10.Re1 Qc7 11.Nbxd4 Bd7 12.Nxc6 Bxc6 13.Ne5 Bd6 14.Nxc6 
Bxh2+ 15.Kh1 bxc6 16.Ra3 Bf4 17.Rf3 Bxc1 18.Qxc1 Qa5 19.Rg3 O-O 20.Rg5 Qd8
21.Bd3 Qd4 22.Rd1 Qxf2 23.Rxg7+ Kxg7 24.Qg5+ Kh8 25.Rf1 Rg8 26.Qxg8+ Kxg8 
27.Rxf2 Nd5 28.Rf3 f5 29.Bc4 Rb8 30.Bxa6 Rxb2 31.Bc8 Kf7 32.a5 Ra2 33.a6 
Nc7 34.Rc3 Nxa6 35.Rxc6 Ra1+ 36.Kh2 Nb4 37.Bxe6+ Kf6 38.Rb6 Ra6 39.Rxa6 
Nxa6 40.Bg8 h6 41.Kg3 Kg5 42.Kf3 h5 43.c4 h4 44.Ke3 Nc5 45.Kd4 Nb3+ 46.Ke5
Nc5 47.Bd5 Nb3 48.Ba8 Kg4 49.Bf3+ Kg3 50.c5 Nxc5 51.Kxf5 Nd3 52.Kg5 Ne1 
53.Be4 Nxg2 54.Bxg2 Kxg2 55.Kxh4 1/2-1/2